| 000 | 00908nam a2200289 i 4500 | ||
|---|---|---|---|
| 003 | DO-SdBNP | ||
| 005 | 20260511104930.0 | ||
| 007 | ta | ||
| 008 | 260511b2025 dr ||||| |||| 00| 0 spa d | ||
| 020 | _a9789945224276 | ||
| 040 |
_aDO-SdBNP _bspa _cBNPHU _erda |
||
| 041 | _aspa | ||
| 082 | 4 |
_axxx _bM433o _222 |
|
| 100 |
_aMatos Acevedo, Félix, _d1952- _eautor _4aut. _913079 |
||
| 245 | 1 | 3 |
_aEl olor del recuerdo / _cFélix Matos Acevedo ; prólogo, Sacul Zaid |
| 250 | _asegunda edición | ||
| 264 | 1 |
_aSanto Domingo : _bEditora Búho, _c2025. |
|
| 300 |
_a93 páginas ; _c22 cm. |
||
| 336 |
_atexto _btxt _2rdacontent |
||
| 337 |
_asin mediación _bn _2rdamedia |
||
| 338 |
_avolumen _bnc _2rdacarrier |
||
| 500 | _aIncluye datos biográficos del autor en las solapas | ||
| 590 | _aInventariado, 2026/BT | ||
| 700 |
_aZaid, Sacul, _eprologuista _4pr. _929246 |
||
| 910 | _aBtavárez | ||
| 942 |
_2ddc _cLBS1 |
||
| 999 |
_c60703 _d60703 |
||